Money, banking, and financial markets / (رقم التسجيلة. 35188)
[ عرض عادي ]
| 000 -الفاتح | |
|---|---|
| حقل البيانات ثابتة الطول | 00944nam a22002777a 4500 |
| 003 - محدد رقم الضبط | |
| رقم الضبط | OSt |
| 005 - وقت وتاريخ اخر تعامل مع التسجيلة | |
| رقم الضبط | 20150408114219.0 |
| 008 - عناصر البيانات ثابتة الطول - معلومات عامة | |
| حقل البيانات ثابتة الطول | 140519s2011 nyua g bd 001 0 eng d |
| 020 ## - الرقم الدولى المعيارى للكتب | |
| الرقم الدولى المعيارى للكتاب | 9780071220682 (pbk.) |
| 020 ## - الرقم الدولى المعيارى للكتب | |
| الرقم الدولى المعيارى للكتاب | 0071220682 (pbk.) |
| 040 ## - مصدر الفهرسة | |
| وكالة الفهرسة الأصلية | Ma-Un |
| 082 00 - رقم تصنيف ديوى العشرى | |
| رقم الطبعة | 22 |
| رقم التصنيف | 332 |
| رقم المادة | CSM |
| 100 1# - المدخل الرئيسى - إسم شخصى | |
| الإسم الشخصى | Cecchetti, Stephen G. |
| الشكل الأكمل للاسم | (Stephen Giovanni) |
| 9 (RLIN) | 45391 |
| 245 10 - بيان العنوان | |
| العنوان | Money, banking, and financial markets / |
| بيان المسئوليه,etc | Stephen G. Cecchetti, Kermit L. Schoenholtz. |
| 250 ## - بيان الطبعة | |
| بيان الطبعة | 3rd. Global edition. |
| 260 ## - PUBLICATION, DISTRIBUTION, ETC. (IMPRINT) | |
| مكان الناشر او الموزع | New York : |
| اسم الناشر او الموزع | McGraw-Hill/Irwin, |
| تاريخ النشر أو التوزيع | 2011 |
| 300 ## - الوصف المادى | |
| التعداد | 673, [26] p. : |
| تفاصيل ماديه اخرى للوعاء | ill. ; |
| أبعاد الوعاء | 27 cm. |
| 504 ## - تبصرة ببليوجرافية | |
| تبصرة ببليوجرافية,الخ | Includes bibliographical references and index. |
| 650 ## - المدخل الاضافى بالموضوع-مصطلح موضوعى | |
| مصطلح موضوعي أو اسم جغرافي كعنصر مدخل | Money |
| 9 (RLIN) | 17962 |
| 650 ## - المدخل الاضافى بالموضوع-مصطلح موضوعى | |
| مصطلح موضوعي أو اسم جغرافي كعنصر مدخل | Banks and banking |
| 650 ## - المدخل الاضافى بالموضوع-مصطلح موضوعى | |
| مصطلح موضوعي أو اسم جغرافي كعنصر مدخل | Finance |
| 650 ## - المدخل الاضافى بالموضوع-مصطلح موضوعى | |
| مصطلح موضوعي أو اسم جغرافي كعنصر مدخل | Capital market |
| 9 (RLIN) | 44789 |
| 700 1# - المدخل الاضافى - اسم شخصى | |
| الإسم الشخصى | Schoenholtz, Kermit L. |
| 9 (RLIN) | 45392 |
| 942 ## - | |
| -- | ddc |
| -- | BOOK |
| 999 ## - | |
| -- | 35188 |
| -- | 269688 |
| حالة الفقد | نموذج السعر الفعال | حالة تلف | ليس للاعارة | رقم الطلب | رقم النسخة | تاريخ الاكتساب | مصدر التزويد | Serial Enumeration / chronology | الباركود | الفرع الرئيسي | Date last seen | نوع المادة فى نظام كوها | مصدر التصنيف او خطة الترفيف | Total Checkouts | Total Renewals | Date last checked out |
|---|---|---|---|---|---|---|---|---|---|---|---|---|---|---|---|---|
| 2014-05-19 | Not For Loan | 332 CSM | 1 | 2014-05-19 | دار العرب | CL | 00210518 | المكتبة المركزية بالمجمعة (CL) | 2014-05-19 | كتاب | Dewey Decimal Classification | |||||
| 2014-05-19 | 332 CSM | 2 | 2014-05-19 | دار العرب | CL | 00210516 | المكتبة المركزية بالمجمعة (CL) | 2014-05-19 | كتاب | Dewey Decimal Classification | ||||||
| 2014-05-19 | 332 CSM | 3 | 2014-05-19 | دار العرب | CL | 00210517 | المكتبة المركزية بالمجمعة (CL) | 2023-12-27 | كتاب | Dewey Decimal Classification | 1 | 1 | 2022-09-12 |
